[Event "RSA-ch"]
[Site "Cape Town"]
[Date "2024.03.30"]
[Round "7"]
[White "Mfazwe, Lutho"]
[Black "Khumalo, Keith"]
[Result "1-0"]
[WhiteElo "1956"]
[BlackElo "2079"]
[PlyCount "113"]
[EventDate "2024.03.25"]
[EventType "tourn"]
[EventRounds "11"]
[EventCountry "RSA"]
[SourceTitle "CB14_2024"]
[SourceDate "2024.04.01"]
[SourceVersion "1"]
[SourceVersionDate "2024.04.01"]
[SourceQuality "1"]

1. d4 Nf6 2. c4 c5 3. e3 g6 4. Nf3 Bg7 5. Be2 0-0 6. 0-0 cxd4 7. Nxd4 Nc6 8. Nc3 d6 9. b3 Bd7 10. Bb2 Qa5 11. Rc1 Rfc8 12. Bf3 Rab8 13. Qd2 Nxd4 14. Qxd4 Bc6 15. Qd1 Nd7 16. Bxc6 bxc6 17. Qe2 Qa6 18. Ba1 Nc5 19. Qc2 Ne6 20. Ne2 Bxa1 21. Rxa1 d5 22. Rfc1 Rd8 23. h3 Rbc8 24. Qb2 Nc5 25. Nf4 e6 26. h4 Nd7 27. cxd5 cxd5 28. h5 Qd6 29. h6 Qf8 30. Rxc8 Rxc8 31. Rc1 Rxc1+ 32. Qxc1 Qxh6 33. Qc7 Nf6 34. Qd8+ Kg7 35. Nxe6+ fxe6 36. Qe7+ Kg8 37. Qxe6+ Kg7 38. Qe7+ Kg8 39. Qxf6 Qh5 40. Qe6+ Kg7 41. g3 Qd1+ 42. Kg2 h5 43. Qe7+ Kh6 44. Qf8+ Kh7 45. Qf7+ Kh6 46. Qf4+ Kh7 47. Qd4 Qb1 48. Qxa7+ Kh6 49. Qa4 Qc2 50. Qf4+ Kh7 51. Qf7+ Kh6 52. Qxd5 Qxa2 53. Qd3 Qb2 54. Qd4 Qxb3 55. Qh8+ Kg5 56. f4+ Kf5 57. Qe5+ 1-0

[Event "RSA-ch"]
[Site "Cape Town"]
[Date "2024.03.28"]
[Round "4"]
[White "Karsten, Jan"]
[Black "Mfazwe, Lutho"]
[Result "1-0"]
[WhiteElo "2323"]
[BlackElo "1956"]
[PlyCount "45"]
[EventDate "2024.03.25"]
[EventType "tourn"]
[EventRounds "11"]
[EventCountry "RSA"]
[SourceTitle "CB14_2024"]
[SourceDate "2024.04.01"]
[SourceVersion "1"]
[SourceVersionDate "2024.04.01"]
[SourceQuality "1"]

1. e4 e5 2. Nf3 Nf6 3. Nxe5 d6 4. Nf3 Nxe4 5. Nc3 Nxc3 6. dxc3 Be7 7. Bf4 0-0 8. Qd2 Nd7 9. 0-0-0 Nc5 10. h4 Bf6 11. Ng5 b5 12. Bxb5 Rb8 13. Bc4 Bf5 14. f3 Rxb2 15. Kxb2 Na4+ 16. Ka3 Bxc3 17. Nxf7 Qb8 18. Nxd6+ Kh8 19. Nf7+ Kg8 20. Rb1 Qa8 21. Qd5 Nb6 22. Nh6+ Kh8 23. Qg8+ 1-0

[Event "RSA-ch"]
[Site "Cape Town"]
[Date "2024.03.25"]
[Round "1"]
[White "Mfazwe, Lutho"]
[Black "Levitan, Caleb Levi"]
[Result "0-1"]
[WhiteElo "1956"]
[BlackElo "2235"]
[PlyCount "51"]
[EventDate "2024.03.25"]
[EventType "tourn"]
[EventRounds "11"]
[EventCountry "RSA"]
[SourceTitle "CB14_2024"]
[SourceDate "2024.04.01"]
[SourceVersion "1"]
[SourceVersionDate "2024.04.01"]
[SourceQuality "1"]

1. d4 d5 2. c4 e6 3. Nc3 a6 4. e3 Nf6 5. Nf3 dxc4 6. Bxc4 b5 7. Bd3 Bb7 8. 0-0 c5 9. Qe2 Nbd7 10. Rd1 Qb6 11. a3 Rc8 12. Bc2 h6 13. e4 cxd4 14. Nxd4 Ne5 15. a4 Bc5 16. Nb3 Bxf2+ 17. Kh1 b4 18. a5 Qc7 19. Qxf2 bxc3 20. Nd4 0-0 21. bxc3 Neg4 22. Qg1 Bxe4 23. Bd2 e5 24. Re1 exd4 25. Bxe4 dxc3 26. Rac1 0-1